|
|
|
|
| LEADER |
01650nam a2200421 a 4500 |
| 001 |
EBC3386257 |
| 003 |
MiAaPQ |
| 005 |
20200520144314.0 |
| 006 |
m o d | |
| 007 |
cr cn||||||||| |
| 008 |
050929s2005 enkab sb 001 0 eng d |
| 010 |
|
|
|z 2005282631
|
| 020 |
|
|
|z 0745321828 (hbk.)
|
| 020 |
|
|
|z 074532181X (pbk.)
|
| 020 |
|
|
|z 9780745321820
|
| 020 |
|
|
|a 9781849642255 (electronic bk.)
|
| 035 |
|
|
|a (MiAaPQ)EBC3386257
|
| 035 |
|
|
|a (Au-PeEL)EBL3386257
|
| 035 |
|
|
|a (CaPaEBR)ebr10479763
|
| 035 |
|
|
|a (OCoLC)666933052
|
| 040 |
|
|
|a MiAaPQ
|c MiAaPQ
|d MiAaPQ
|
| 043 |
|
|
|a e-gx---
|a n-us---
|
| 050 |
|
4 |
|a HF1546.15.G4
|b P74 2005
|
| 082 |
0 |
4 |
|a 337.43041
|2 22
|
| 100 |
1 |
|
|a Preparata, Guido Giacomo.
|
| 245 |
1 |
0 |
|a Conjuring Hitler
|h [electronic resource] :
|b how Britain and America made the Third Reich /
|c Guido Giacomo Preparata.
|
| 260 |
|
|
|a London ;
|a Ann Arbor, Mich. :
|b Pluto Press,
|c 2005.
|
| 300 |
|
|
|a xix, 311 p. :
|b ill., maps.
|
| 504 |
|
|
|a Includes bibliographical references and index.
|
| 533 |
|
|
|a Electronic reproduction. Ann Arbor, MI : ProQuest, 2015. Available via World Wide Web. Access may be limited to ProQuest affiliated libraries.
|
| 650 |
|
0 |
|a National socialism.
|
| 651 |
|
0 |
|a Great Britain
|x Foreign economic relations
|z Germany.
|
| 651 |
|
0 |
|a United States
|x Foreign economic relations
|z Germany.
|
| 651 |
|
0 |
|a Germany
|x Foreign economic relations
|z Great Britain.
|
| 651 |
|
0 |
|a Germany
|x Foreign economic relations
|z United States.
|
| 655 |
|
4 |
|a Electronic books.
|
| 710 |
2 |
|
|a ProQuest (Firm)
|
| 856 |
4 |
0 |
|u https://ebookcentral.proquest.com/lib/matrademy/detail.action?docID=3386257
|z Click to View
|